Financovanie dôchodkových systémov v kontexte dôchodkových reforiem

Spôsoby financovania dôchodkových systémov. Nový dôchodkový systém v SR. Náčrt možných situácií pri výbere dôchodkového systému. Klady a zápory existujúcich systémov financovania dôchodkov.

Salvato in:
Dettagli Bibliografici
Autore principale: Rievajová, Eva
Altri autori: Pastoráková, Erika, 1972-
Natura: Capitolo di libro
Lingua:slovacco
Soggetti:
Tags: Aggiungi Tag
Nessun Tag, puoi essere il primo ad aggiungerne!!

MARC

LEADER 00000naa$a2200000$$$4500
001 0066608
005 20240502071806.8
041 0 |a slo 
044 |a SK 
245 1 0 |a Financovanie dôchodkových systémov v kontexte dôchodkových reforiem  |c Eva Rievajová, Erika Pastoráková 
520 |a Spôsoby financovania dôchodkových systémov. Nový dôchodkový systém v SR. Náčrt možných situácií pri výbere dôchodkového systému. Klady a zápory existujúcich systémov financovania dôchodkov. 
610 2 0 |a systémy dôchodkové 
610 2 0 |a Slovensko 
610 2 0 |a reformy dôchodkové 
610 2 0 |a poistenie dôchodkové 
610 2 0 |a financovanie 
100 1 |a Rievajová, Eva 
700 1 |a Pastoráková, Erika, 1972-